Complete the Card - WWE SummerSlam 2014 - Statistics

General Stats
  • This quiz has been taken 472 times
  • The average score is 15 of 18
Answer Stats
Answer % Correct
John Cena
99%
Seth Rollins
95%
Brock Lesnar
94%
Roman Reigns
94%
Dean Ambrose
93%
Randy Orton
93%
The Miz
92%
Brie Bella
89%
AJ Lee
88%
Dolph Ziggler
86%
Paige
86%
Rusev
86%
Jack Swagger
77%
Stephanie McMahon
75%
Bray Wyatt
66%
Cesaro
64%
Chris Jericho
55%
Rob Van Dam
38%
No matching quizzes found
Score Distribution
Percent of People with Each Score
Percentile by Number Answered
Your Score History
You have not taken this quiz